[Event "2nd GMA World Cup prel  #1"]
[Site "Belgrade YUG"]
[Date "1988.??.??"]
[Round "?"]
[White "Sandic, Vladeta"]
[Black "Savchenko, Stanislav"]
[Result "1/2-1/2"]
[WhiteElo "2290"]
[BlackElo "2480"]
[EventDate "1988.12.??"]
[PlyCount "86"]

1.d4 f5 2.g3 Nf6 3.Bg2 g6 4.Nf3 Bg7 5.O-O O-O 6.b3 d6 7.Bb2 Qe8 8.d5 Na6 
9.c4 Bd7 10.Nc3 h6 11.Qc2 c6 12.Rad1 Rc8 13.Qb1 g5 14.Nd4 Ng4 15.h3 Ne5 
16.f4 gxf4 17.gxf4 Ng6 18.Kh2 Nc7 19.e3 c5 20.Nf3 Qf7 21.Rg1 Kh7 22.Bh1 
Rg8 23.Rg3 Bf6 24.Rdg1 Nh4 25.Ne2 Nxf3+ 26.Bxf3 Rxg3 27.Rxg3 Rg8 28.Qa1 
Ne8 29.Rxg8 Qxg8 30.Ng3 Qg7 31.Bxf6 Qxf6 32.Qxf6 Nxf6 33.Be2 Ne8 34.Bd3 
Kg6 35.Ne2 Nc7 36.Nc3 Na6 37.a3 Nc7 38.Kg3 Kf6 39.Kh4 Kg6 40.Be2 a6 41.a4 
b6 42.Bd3 Ne8 43.Ne2 Ng7 1/2-1/2

[Event "2nd GMA World Cup prel  #1"]
[Site "Belgrade YUG"]
[Date "1988.??.??"]
[Round "?"]
[White "Savchenko, Stanislav"]
[Black "Zakic, Srdan"]
[Result "0-1"]
[WhiteElo "2480"]
[BlackElo "2360"]
[EventDate "1988.12.??"]
[PlyCount "102"]

1.d4 Nf6 2.c4 g6 3.Nc3 d5 4.Nf3 Bg7 5.e3 O-O 6.Be2 c5 7.cxd5 cxd4 8.Nxd4 
Nxd5 9.Nxd5 Qxd5 10.Bf3 Qd6 11.O-O Qb6 12.Qb3 Bxd4 13.exd4 Qxb3 14.axb3 
Nc6 15.Be3 Rd8 16.Rfd1 Bf5 17.Rd2 Rac8 18.g4 Be6 19.h3 Bd5 20.Bxd5 Rxd5 
21.Rc2 Rcd8 22.Kg2 a6 23.Ra4 R8d7 24.Rcc4 R5d6 25.Rc5 Nxd4 26.Rc8+ Kg7 27.
Bf4 Re6 28.Bd2 b5 29.Ra2 Nxb3 30.Bc3+ f6 31.Ra3 Nd4 32.b4 Ne2 33.Ba1 Nf4+ 
34.Kg3 Nd5 35.Rd3 Red6 36.g5 Nxb4 37.Rxd6 Rxd6 38.Rc7 Nd5 39.gxf6+ Nxf6 
40.Rxe7+ Kh6 41.Be5 Rc6 42.f4 b4 43.Rb7 a5 44.Kh4 Ra6 45.Bd4 Nh5 46.Kg4 
Rd6 47.Be5 Nf6+ 48.Kh4 Rd7 49.Rb8 Nd5 50.Ra8 Ne7 51.Kg4 Rd3 0-1

[Event "2nd GMA World Cup prel  #1"]
[Site "Belgrade YUG"]
[Date "1988.??.??"]
[Round "?"]
[White "Savon, Vladimir"]
[Black "Rogulj, Branko"]
[Result "1-0"]
[WhiteElo "2430"]
[BlackElo "2355"]
[EventDate "1988.12.??"]
[PlyCount "131"]

1.Nf3 Nf6 2.g3 g6 3.b3 Bg7 4.Bb2 c5 5.c4 d6 6.Bg2 e5 7.Nc3 O-O 8.O-O Nc6 
9.d3 Nh5 10.Nd2 f5 11.Nd5 Be6 12.a3 Nf6 13.Bc3 Qd7 14.b4 Rae8 15.e3 Qf7 
16.Qb3 Bc8 17.bxc5 dxc5 18.Qb5 g5 19.Qxc5 Qh5 20.Rab1 Re6 21.Nc7 Ng4 22.h3
Rh6 23.f3 Nxe3 24.Qxe3 f4 25.Qf2 Bxh3 26.Bxh3 Qxh3 27.Qg2 Qd7 28.Nd5 g4 
29.Ne4 Rg6 30.fxg4 Rxg4 31.Rf3 h5 32.Kf1 h4 33.Ke2 hxg3 34.Qh3 b6 35.Rh1 
Qe6 36.Qh7+ Kf7 37.Qh5+ Qg6 38.Qxg6+ Kxg6 39.Nd2 Rh8 40.Rg1 Rh2+ 41.Kf1 
Bf8 42.Rg2 Bc5 43.Ne4 Rh1+ 44.Ke2 Bd4 45.Rf1 Rxf1 46.Kxf1 Bxc3 47.Ndxc3 
Nd4 48.Rg1 Nf5 49.Nd2 Nd4 50.Nb5 Nxb5 51.cxb5 Rh4 52.Nf3 Rh5 53.Kg2 e4 54.
dxe4 Rxb5 55.Rd1 Ra5 56.Rd3 Ra4 57.Nd4 Kf6 58.Kf3 g2 59.Ne2 Kg5 60.Rd5+ 
Kf6 61.Kxf4 Rxa3 62.Rf5+ Ke7 63.Rg5 a5 64.Ke5 a4 65.Rxg2 Ra1 66.Nc3 1-0

[Event "2nd GMA World Cup prel  #1"]
[Site "Belgrade YUG"]
[Date "1988.??.??"]
[Round "?"]
[White "Savon, Vladimir"]
[Black "Todorovic, Jovan"]
[Result "1-0"]
[WhiteElo "2430"]
[BlackElo "2427"]
[EventDate "1988.12.??"]
[PlyCount "87"]

1.d4 Nf6 2.Nf3 g6 3.Bg5 Bg7 4.Nbd2 d5 5.e3 O-O 6.c4 c6 7.Bd3 Qb6 8.Qc2 Na6
9.c5 Qa5 10.Qc3 Qd8 11.Bxa6 bxa6 12.O-O Ne4 13.Nxe4 dxe4 14.Nd2 f5 15.f3 
exf3 16.Qc4+ Kh8 17.Nxf3 Qd7 18.Ne5 Bxe5 19.dxe5 Qe6 20.Qxe6 Bxe6 21.Bxe7 
Rfe8 22.Bd6 Bd5 23.Rfd1 Be4 24.Rd4 Kg8 25.Rc1 Kf7 26.Rc3 Ke6 27.Ra3 Rg8 
28.Rxa6 Rg7 29.b4 Rb7 30.a4 Rc8 31.Kf2 h5 32.g3 g5 33.Ke1 g4 34.Kd2 h4 35.
Kc3 hxg3 36.hxg3 Rh8 37.b5 Rh1 38.Rxe4 fxe4 39.Kd4 Kf5 40.Rxc6 Rd1+ 41.Kc4
Rh7 42.Rc8 Rh2 43.Rf8+ Kg6 44.e6 1-0

[Event "2nd GMA World Cup prel  #1"]
[Site "Belgrade YUG"]
[Date "1988.??.??"]
[Round "?"]
[White "Savon, Vladimir"]
[Black "Zakic, Srdan"]
[Result "1/2-1/2"]
[WhiteElo "2430"]
[BlackElo "2360"]
[EventDate "1988.12.??"]
[PlyCount "60"]

1.d4 Nf6 2.Nf3 g6 3.Bg5 Bg7 4.Nbd2 d6 5.e3 O-O 6.Be2 Nbd7 7.O-O e5 8.dxe5 
dxe5 9.Nc4 Qe7 10.Nfd2 Nc5 11.a4 h6 12.Bh4 g5 13.Bg3 Nfe4 14.f3 Nxg3 15.
hxg3 e4 16.f4 f5 17.Nb3 Nxb3 18.cxb3 Be6 19.Qc2 g4 20.Rfd1 Rad8 21.Rxd8 
Rxd8 22.Rd1 Rxd1+ 23.Qxd1 Bf6 24.Qd2 h5 25.Kf2 h4 26.gxh4 Bxh4+ 27.g3 Bf6 
28.Bf1 Qd7 29.Qc2 b6 30.b4 c6 1/2-1/2

[Event "2nd GMA World Cup prel  #1"]
[Site "Belgrade YUG"]
[Date "1988.??.??"]
[Round "?"]
[White "Schmidt, Wlodzimierz"]
[Black "Jovicic, Milos"]
[Result "1/2-1/2"]
[WhiteElo "2465"]
[BlackElo "2350"]
[EventDate "1988.12.??"]
[PlyCount "84"]

1.Nf3 Nf6 2.c4 e6 3.Nc3 d5 4.d4 dxc4 5.e4 Bb4 6.Bg5 c5 7.e5 cxd4 8.Qa4+ 
Nc6 9.O-O-O Bd7 10.Ne4 Be7 11.exf6 gxf6 12.Bh4 Rc8 13.Kb1 Na5 14.Qc2 e5 
15.Nxd4 exd4 16.Rxd4 Qb6 17.Qc3 Bf5 18.g4 Bg6 19.Bd3 Rc6 20.Bc2 Re6 21.
Rhd1 O-O 22.f4 Bb4 23.Qf3 Bc5 24.Nxc5 Bxc2+ 25.Kxc2 Qxc5 26.Rd5 Qb4 27.Qc3
Qxc3+ 28.bxc3 b6 29.f5 Re4 30.h3 Nc6 31.Bxf6 Rfe8 32.Rd7 h6 33.R1d6 Re2+ 
34.Rd2 R2e3 35.R2d6 Re2+ 36.Rd2 R2e3 37.R7d6 Ne5 38.Bxe5 R8xe5 39.Rxh6 Kg7
40.Rc6 Ra5 41.Kb2 Rb5+ 42.Kc2 Ra5 1/2-1/2

[Event "2nd GMA World Cup prel  #1"]
[Site "Belgrade YUG"]
[Date "1988.??.??"]
[Round "?"]
[White "Schmidt, Wlodzimierz"]
[Black "Romanishin, Oleg"]
[Result "1-0"]
[WhiteElo "2465"]
[BlackElo "2550"]
[EventDate "1988.12.??"]
[PlyCount "103"]

1.Nf3 Nf6 2.c4 e6 3.Nc3 Bb4 4.Qc2 c5 5.a3 Ba5 6.g3 Nc6 7.Bg2 O-O 8.O-O Qe7
9.Rb1 Bxc3 10.Qxc3 e5 11.d3 h6 12.b4 d6 13.Bb2 Re8 14.Rfe1 Bg4 15.Ba1 Rac8
16.h3 Bf5 17.Nd2 b6 18.e3 Qd7 19.Kh2 cxb4 20.axb4 d5 21.cxd5 Nxd5 22.Bxd5 
Qxd5 23.e4 Qd7 24.exf5 Nd4 25.Qa3 Nc2 26.Qb3 Nxe1 27.Rxe1 Qxf5 28.Kg2 Rcd8
29.Re3 Qe6 30.Rxe5 Qc6+ 31.Nf3 Rxe5 32.Bxe5 a5 33.b5 Qd5 34.Qb2 f6 35.Bc7 
Rd7 36.Bxb6 Rb7 37.Bxa5 Rxb5 38.Bb4 Qxd3 39.Qa2+ Kh7 40.Bd2 Qe4 41.Qa3 Qd5
42.Be3 h5 43.Qa4 Rb7 44.g4 hxg4 45.hxg4 g5 46.Qe8 Kg7 47.Bd4 Rf7 48.Qe3 
Kg8 49.Kg1 Qc6 50.Nxg5 Rc7 51.Bxf6 Qxf6 52.Qe8+ 1-0

[Event "2nd GMA World Cup prel  #1"]
[Site "Belgrade YUG"]
[Date "1988.??.??"]
[Round "?"]
[White "Sekulic, Dusan"]
[Black "Dukanovic, Marko"]
[Result "1-0"]
[WhiteElo "2305"]
[BlackElo "2260"]
[EventDate "1988.12.??"]
[PlyCount "132"]

1.d4 d5 2.Nf3 Nf6 3.c4 dxc4 4.e3 a6 5.Bxc4 b5 6.Bd3 Bb7 7.a4 b4 8.Nbd2 a5 
9.O-O g6 10.Ne5 Bg7 11.Nb3 Nfd7 12.Nc4 c6 13.e4 O-O 14.f4 Ba6 15.Be3 Bxc4 
16.Bxc4 Nb6 17.Be2 N8d7 18.Qc2 Qc7 19.Bb5 Rfc8 20.Rfc1 cxb5 21.Qxc7 Rxc7 
22.Rxc7 bxa4 23.Nc5 Nf6 24.Kf1 Nc4 25.Bc1 Ne8 26.Rd7 a3 27.bxa3 Nb6 28.
axb4 Nxd7 29.Nxd7 Bxd4 30.Rxa5 Rc8 31.Bd2 Nd6 32.Rd5 Bc3 33.Nc5 Bxd2 34.
Rxd2 Rb8 35.Rd4 Nb5 36.Rd7 Nc3 37.Rd4 Nb5 38.Rd3 Na7 39.Rb3 Nc6 40.Nd3 Nd4
41.Rb2 Kf8 42.Kf2 Ke8 43.Ke3 Nb5 44.Rc2 f6 45.g4 Kd8 46.h4 Nc7 47.f5 gxf5 
48.gxf5 Rb5 49.Rg2 e6 50.Rg8+ Ke7 51.Rg7+ Kd8 52.fxe6 Nxe6 53.Rxh7 Nf8 54.
Rf7 Nd7 55.Nc5 Ne5 56.Nb7+ Ke8 57.Nd6+ Kd8 58.Nxb5 Nxf7 59.Nd4 Ne5 60.b5 
Kd7 61.Nc6 Nc4+ 62.Kf4 Ke6 63.h5 Kf7 64.e5 Ke6 65.Nd4+ Ke7 66.e6 Nb6 1-0

[Event "2nd GMA World Cup prel  #1"]
[Site "Belgrade YUG"]
[Date "1988.??.??"]
[Round "?"]
[White "Sekulic, Dusan"]
[Black "Palatnik, Semon"]
[Result "0-1"]
[WhiteElo "2305"]
[BlackElo "2500"]
[EventDate "1988.12.??"]
[PlyCount "66"]

1.d4 f5 2.g3 Nf6 3.Bg2 g6 4.Nd2 d5 5.Nh3 c5 6.c3 Nc6 7.Nf3 Bg7 8.O-O Ne4 
9.Nf4 O-O 10.dxc5 e6 11.Nd3 Qe7 12.Be3 e5 13.Nb4 Nxb4 14.cxb4 d4 15.Bd2 
Rd8 16.Be1 Be6 17.Nd2 Ng5 18.f4 Nf7 19.fxe5 Nxe5 20.h3 Rac8 21.Bf2 b6 22.
cxb6 axb6 23.a3 Bh6 24.b3 Rc3 25.Rb1 Qc7 26.Nf3 Nxf3+ 27.Bxf3 Be3 28.Kg2 
f4 29.g4 d3 30.exd3 Rcxd3 31.Qe2 Rd2 32.Qb5 Bd7 33.Qg5 Bc6 0-1

[Event "2nd GMA World Cup prel  #1"]
[Site "Belgrade YUG"]
[Date "1988.??.??"]
[Round "?"]
[White "Shamkovich, Leonid"]
[Black "Babic, Drasko"]
[Result "1/2-1/2"]
[WhiteElo "2450"]
[BlackElo "2390"]
[EventDate "1988.12.??"]
[PlyCount "192"]

1.e4 e5 2.Nf3 Nc6 3.Bb5 a6 4.Ba4 Nf6 5.O-O Be7 6.Re1 b5 7.Bb3 d6 8.c3 O-O 
9.h3 Na5 10.Bc2 c5 11.d4 Qc7 12.Nbd2 Bd7 13.Nf1 cxd4 14.cxd4 Rac8 15.Ne3 
Nc6 16.Bb3 Na5 17.Bc2 Nc6 18.a3 Nxd4 19.Nxd4 exd4 20.Qxd4 Be6 21.a4 b4 22.
Bd2 a5 23.Rac1 Qb7 24.Nf5 Bxf5 25.exf5 d5 26.Bd3 Rxc1 27.Rxc1 Ne4 28.Bf4 
Bf6 29.Be5 Bxe5 30.Qxe5 Nf6 31.Qc7 Qa8 32.Kf1 Qe8 33.b3 Ne4 34.Rc2 Qa8 35.
Bxe4 Qa6+ 36.Kg1 dxe4 37.Rc4 h6 38.Qe5 Rd8 39.Qxe4 Rd1+ 40.Kh2 Qd6+ 41.f4 
Qd5 42.Qe5 Rd2 43.Re4 Kh7 44.Qxd5 Rxd5 45.Re5 Rd3 46.Rxa5 Rxb3 47.Rb5 Rb2 
48.Rb7 f6 49.Kg3 b3 50.Kf3 Ra2 51.Rxb3 Rxa4 52.g4 Ra5 53.Rd3 Rb5 54.Kg3 h5
55.Kh4 hxg4 56.hxg4 Rb1 57.g5 Rg1 58.Rd8 fxg5+ 59.fxg5 Rh1+ 60.Kg4 Rg1+ 
61.Kf4 Rf1+ 62.Ke5 Re1+ 63.Kd6 Rg1 64.g6+ Kh6 65.Ke6 Ra1 66.Kf7 Ra7+ 67.
Ke6 Ra6+ 68.Ke7 Ra7+ 69.Rd7 Ra6 70.Rd6 Ra7+ 71.Ke6 Rb7 72.Ra6 Rc7 73.Ra8 
Rc6+ 74.Kd5 Rb6 75.Rh8+ Kg5 76.Rf8 Ra6 77.Rf7 Kh6 78.Rd7 Ra5+ 79.Ke6 Ra6+ 
80.Ke7 Rf6 81.Rd5 Ra6 82.Rd6 Ra7+ 83.Ke6 Rb7 84.Rd1 Rb6+ 85.Ke5 Rb5+ 86.
Ke4 Rb4+ 87.Rd4 Rb5 88.Kf4 Ra5 89.Re4 Rb5 90.Re1 Rb4+ 91.Ke5 Rb5+ 92.Ke6 
Rb6+ 93.Ke7 Rf6 94.Re5 Kg5 95.Rd5 Kg4 96.Ke8 Kg5 1/2-1/2

[Event "2nd GMA World Cup prel  #1"]
[Site "Belgrade YUG"]
[Date "1988.??.??"]
[Round "?"]
[White "Shamkovich, Leonid"]
[Black "Janosevic, Dragoljub"]
[Result "1/2-1/2"]
[WhiteElo "2450"]
[BlackElo "2330"]
[EventDate "1988.12.??"]
[PlyCount "86"]

1.c4 e5 2.Nc3 Nc6 3.Nf3 Nf6 4.e3 Be7 5.a3 d5 6.cxd5 Nxd5 7.Bb5 Nxc3 8.bxc3
Bd6 9.O-O O-O 10.d4 e4 11.Nd2 Qg5 12.Bxc6 bxc6 13.Nxe4 Bxh2+ 14.Kxh2 Qh4+ 
15.Kg1 Qxe4 16.f3 Qe6 17.e4 Qc4 18.Bf4 Ba6 19.Re1 Rac8 20.Qd2 c5 21.d5 
Rfd8 22.Qf2 c6 23.d6 f6 24.a4 Rd7 25.Qa2 Qxa2 26.Rxa2 Rb8 27.Rd2 Kf7 28.e5
Re8 29.Re4 Re6 30.g4 fxe5 31.Bxe5 g5 32.Bg3 Rxe4 33.fxe4 Bc4 34.Rf2+ Ke6 
35.Rh2 Rf7 36.Rh5 Rg7 37.Rh6+ Kd7 38.Be5 Rf7 39.Rh5 Bd3 40.Rxg5 Bxe4 41.
Bg3 Bd5 42.c4 Bxc4 43.Rxc5 Bd3 1/2-1/2

[Event "2nd GMA World Cup prel  #1"]
[Site "Belgrade YUG"]
[Date "1988.??.??"]
[Round "?"]
[White "Shneider, Alexander"]
[Black "Dolmatov, Sergei"]
[Result "1-0"]
[WhiteElo "2465"]
[BlackElo "2550"]
[EventDate "1988.12.??"]
[PlyCount "117"]

1.d4 e6 2.c4 f5 3.Nf3 Nf6 4.g3 d5 5.Bg2 c6 6.O-O Bd6 7.b3 Qe7 8.Ne5 O-O 9.
Bf4 Nbd7 10.Nd2 Bxe5 11.dxe5 Ne4 12.Nxe4 fxe4 13.Qc1 b6 14.cxd5 cxd5 15.
Qc6 Ba6 16.Bh3 Rae8 17.Rfe1 h6 18.Qa4 Nc5 19.Qa3 Bb5 20.Be3 Na6 21.Qxe7 
Rxe7 22.a4 Be8 23.a5 b5 24.b4 Kf7 25.Rab1 Rb7 26.f3 exf3 27.exf3 Bd7 28.
Rec1 Rc8 29.Rxc8 Bxc8 30.Rc1 Bd7 31.Bd2 g5 32.Bf1 Nb8 33.f4 gxf4 34.gxf4 
Nc6 35.Bd3 Rb8 36.Kf2 a6 37.Rg1 Rg8 38.Rg3 Rxg3 39.hxg3 h5 40.Ke3 Be8 41.
Bc3 d4+ 42.Bxd4 Nxb4 43.Be2 Kg6 44.Bc5 Nc6 45.Bb6 Kf5 46.g4+ Kg6 47.gxh5+ 
Kh6 48.Bf3 Nb4 49.Bc5 Nc6 50.Bf8+ Kh7 51.Be4+ Kg8 52.Bxc6 Bxc6 53.Bb4 Kg7 
54.Kd4 Kh6 55.Kc5 Be4 56.Kb6 Kxh5 57.Kxa6 Kg4 58.Kxb5 Kxf4 59.Bd6 1-0

[Event "2nd GMA World Cup prel  #1"]
[Site "Belgrade YUG"]
[Date "1988.??.??"]
[Round "?"]
[White "Shneider, Alexander"]
[Black "Drasko, Milan"]
[Result "1/2-1/2"]
[WhiteElo "2465"]
[BlackElo "2510"]
[EventDate "1988.12.??"]
[PlyCount "33"]

1.Nf3 Nf6 2.g3 d5 3.Bg2 c6 4.O-O Bf5 5.d3 Nbd7 6.Nbd2 e5 7.Re1 Be7 8.e4 
dxe4 9.dxe4 Bg6 10.b3 O-O 11.Bb2 Bc5 12.Qe2 Re8 13.h3 Qc7 14.Nh4 Bh5 15.
Bf3 Bxf3 16.Ndxf3 b5 17.a4 1/2-1/2

[Event "2nd GMA World Cup prel  #1"]
[Site "Belgrade YUG"]
[Date "1988.??.??"]
[Round "?"]
[White "Shneider, Alexander"]
[Black "Nikolic, Stanimir"]
[Result "1-0"]
[WhiteElo "2465"]
[BlackElo "2320"]
[EventDate "1988.12.??"]
[PlyCount "76"]

1.d4 Nf6 2.c4 e6 3.Nf3 b6 4.g3 Ba6 5.b3 Bb4+ 6.Bd2 Be7 7.Nc3 Bb7 8.Bg2 d5 
9.cxd5 exd5 10.O-O Nbd7 11.Bf4 c6 12.Qc2 O-O 13.Ne5 Nxe5 14.Bxe5 Re8 15.
Rad1 Qd7 16.e4 dxe4 17.Nxe4 Nd5 18.Nc3 Rac8 19.Nxd5 cxd5 20.Qe2 Rc3 21.
Rfe1 Bf8 22.Qh5 Qe7 23.Bf1 a6 24.Bxg7 Qxe1 25.Rxe1 Rxe1 26.Bf6 h6 27.Qg4+ 
Kh7 28.Qf5+ Kg8 29.Qg4+ Kh7 30.Qd7 Kg6 31.Qxb7 Kxf6 32.Kg2 Re6 33.Bxa6 Rd6
34.Be2 Rc2 35.Bh5 Be7 36.Qb8 Ke6 37.Bg4+ f5 38.Qg8+ Kf6 1-0

[Event "2nd GMA World Cup prel  #1"]
[Site "Belgrade YUG"]
[Date "1988.??.??"]
[Round "?"]
[White "Simic, Radoslav"]
[Black "Laketic, Gojko"]
[Result "1-0"]
[WhiteElo "2485"]
[BlackElo "2400"]
[EventDate "1988.12.??"]
[PlyCount "125"]

1.g3 Nf6 2.Bg2 d5 3.Nf3 c6 4.b3 Bg4 5.Ba3 Nbd7 6.O-O Bxf3 7.Bxf3 g6 8.d4 
Bg7 9.c4 O-O 10.Nc3 Re8 11.Bg2 Qa5 12.Bb2 e6 13.e3 Rad8 14.Qe2 dxc4 15.
Qxc4 e5 16.b4 Qc7 17.Ne2 exd4 18.Nxd4 Ne5 19.Qb3 h5 20.Rad1 h4 21.Nf3 
Nxf3+ 22.Bxf3 Nd7 23.gxh4 Bxb2 24.Qxb2 Ne5 25.Be2 Qe7 26.Rxd8 Rxd8 27.Rd1 
Rxd1+ 28.Bxd1 Nc4 29.Qd4 Qxb4 30.Qd8+ Kg7 31.Qd4+ Kg8 32.Qd8+ Qf8 33.Qg5 
Qd6 34.Be2 Ne5 35.h5 Qd5 36.h4 Kh7 37.hxg6+ Nxg6 38.Qxd5 cxd5 39.Bf3 Ne7 
40.Kf1 b6 41.Ke2 Kg6 42.Kd3 Kf6 43.a3 Ke5 44.Be2 f5 45.f4+ Ke6 46.Kc3 Nc6 
47.h5 Ne7 48.Bb5 Ng8 49.Kd4 Kd6 50.Ba6 Nh6 51.Bb5 Ng8 52.Ba6 Nh6 53.a4 Ng4
54.Bc8 Nh6 55.Bb7 Ng4 56.Bxd5 Nh6 57.Bb3 Ng4 58.Bc4 Nh6 59.Bd3 Ke6 60.Ba6 
Kf6 61.Bc8 Nf7 62.Kd5 Nd8 63.Kd6 1-0

[Event "2nd GMA World Cup prel  #1"]
[Site "Belgrade YUG"]
[Date "1988.??.??"]
[Round "?"]
[White "Simic, Radoslav"]
[Black "Zelcic, Robert"]
[Result "1/2-1/2"]
[WhiteElo "2485"]
[BlackElo "2375"]
[EventDate "1988.12.??"]
[PlyCount "119"]

1.c4 e6 2.d4 c5 3.d5 exd5 4.cxd5 d6 5.e4 Nf6 6.Nc3 g6 7.Nf3 Bg7 8.Nd2 Nbd7
9.Be2 O-O 10.O-O Re8 11.a4 a6 12.Qc2 Ne5 13.Ra3 g5 14.Nf3 Nxf3+ 15.Bxf3 
Ng4 16.Nd1 Qf6 17.Rb3 Rb8 18.Rb6 Nxh2 19.Kxh2 g4 20.Bxg4 Bxg4 21.Ne3 Re5 
22.Nxg4 Qh4+ 23.Kg1 Qxg4 24.f3 Qg6 25.Bf4 Rxd5 26.g4 Rd4 27.Rd1 Qf6 28.
Rxd4 Qxf4 29.Rd3 Be5 30.Kf1 Qh6 31.Qf2 Rc8 32.g5 Qh3+ 33.Qg2 Qd7 34.Qg4 
Qc7 35.f4 c4 36.Rh3 c3 37.bxc3 Bxf4 38.Rb2 Be5 39.Qf5 Qc4+ 40.Kg2 Rc5 41.
Qxh7+ Kf8 42.Rf2 Bg7 43.Rg3 Re5 44.Rg4 Qe6 45.Kg3 Rc5 46.Kh4 Rxc3 47.Qf5 
Qxf5 48.exf5 Be5 49.f6 b6 50.g6 fxg6 51.Rxg6 Kf7 52.Rg7+ Kf8 53.Rg4 Kf7 
54.Kg5 Rc8 55.Rb4 Rg8+ 56.Kh5 Rh8+ 57.Kg5 Rg8+ 58.Kh5 Bxf6 59.Rxb6 Rg5+ 
60.Kh6 1/2-1/2

[Event "2nd GMA World Cup prel  #1"]
[Site "Belgrade YUG"]
[Date "1988.??.??"]
[Round "?"]
[White "Sinadinovic, Andelko"]
[Black "Babic, Drasko"]
[Result "1-0"]
[WhiteElo "2350"]
[BlackElo "2390"]
[EventDate "1988.12.??"]
[PlyCount "71"]

1.d4 Nf6 2.c4 c5 3.d5 b5 4.cxb5 a6 5.e3 e6 6.Nc3 Bb7 7.e4 axb5 8.Bxb5 Qa5 
9.Qe2 Be7 10.Bd2 O-O 11.Nf3 d6 12.O-O e5 13.a4 Na6 14.Ne1 Qb6 15.g3 Nb4 
16.Be3 Ba6 17.Nd3 Bxb5 18.axb5 Nxd3 19.Qxd3 Qb7 20.Ra6 Rxa6 21.bxa6 Qxb2 
22.Rb1 Qa3 23.Bc1 Qa5 24.Rb7 Bd8 25.Bd2 h5 26.a7 Ne8 27.Qb5 Qa1+ 28.Kg2 
Nc7 29.Qa4 Qxa4 30.Nxa4 Na8 31.Nb2 Bc7 32.Nc4 Rd8 33.Ba5 Bxa5 34.Nxa5 Kf8 
35.Rb8 Re8 36.Nc4 1-0

[Event "2nd GMA World Cup prel  #1"]
[Site "Belgrade YUG"]
[Date "1988.??.??"]
[Round "?"]
[White "Sinadinovic, Andelko"]
[Black "Indic, Dusan"]
[Result "0-1"]
[WhiteElo "2350"]
[BlackElo "2370"]
[EventDate "1988.12.??"]
[PlyCount "138"]

1.d4 Nf6 2.c4 c5 3.d5 g6 4.Nc3 Bg7 5.e4 d6 6.Be2 e6 7.Nf3 O-O 8.Bf4 e5 9.
Bg5 h6 10.Bd2 Ne8 11.Qc2 f5 12.O-O-O Na6 13.Ne1 f4 14.Nd3 Nac7 15.f3 a6 
16.g3 b5 17.b3 g5 18.h4 Bd7 19.hxg5 hxg5 20.gxf4 gxf4 21.Rdg1 bxc4 22.bxc4
a5 23.Bf1 a4 24.Be1 Nf6 25.Qh2 Kf7 26.Bh3 Bxh3 27.Qxh3 Qc8 28.Qg2 Rg8 29.
Qg6+ Kf8 30.Bh4 Nce8 31.Rg5 Ra7 32.Nb5 Rf7 33.Nf2 a3 34.Rhg1 Rh8 35.Rh1 
Qa6 36.Kc2 Rh6 37.Qf5 Nxd5 38.Qh3 Ne3+ 39.Kd3 Bf6 40.Ng4 Nxg4 41.Rxg4 Rfh7
42.Qg2 Bg7 43.Qf2 Qc8 44.Rhg1 Kf7 45.Bg5 Rh3 46.Bh4 Qe6 47.Nc3 Bf6 48.Bxf6
Nxf6 49.Rg6 Qc8 50.Qg2 Rxf3+ 51.Kc2 Rxc3+ 52.Kxc3 Qh3+ 53.Kc2 Qxg2+ 54.
R6xg2 Nxe4 55.Rb1 f3 56.Rgg1 Rh2+ 57.Kd3 Nf6 58.Ke3 e4 59.Kf4 Rh4+ 60.Kf5 
Rh5+ 61.Rg5 f2 62.Rb7+ Kf8 63.Rb1 Rxg5+ 64.Kxg5 e3 65.Kxf6 Ke8 66.Ke6 Kd8 
67.Kxd6 Kc8 68.Kc6 e2 69.Rh1 Kd8 0-1

[Event "2nd GMA World Cup prel  #1"]
[Site "Belgrade YUG"]
[Date "1988.??.??"]
[Round "?"]
[White "Sinadinovic, Andelko"]
[Black "Rogers, Ian"]
[Result "1/2-1/2"]
[WhiteElo "2350"]
[BlackElo "2540"]
[EventDate "1988.12.??"]
[PlyCount "104"]

1.d4 Nf6 2.c4 c5 3.d5 b5 4.cxb5 a6 5.e3 e6 6.Nc3 exd5 7.Nxd5 Bb7 8.Nxf6+ 
Qxf6 9.Nf3 Be7 10.Be2 axb5 11.Bxb5 O-O 12.O-O d5 13.a4 Rd8 14.Ra2 Nc6 15.
b3 d4 16.exd4 Nxd4 17.Nxd4 Rxd4 18.Rd2 Rh4 19.Rd7 Rd4 20.Rxd4 cxd4 21.Qg4 
Rd8 22.Bb2 Rd5 23.Bc1 h5 24.Qf4 Qxf4 25.Bxf4 Bb4 26.Rd1 Bc3 27.Bc4 Rc5 28.
f3 Bc6 29.Bd6 Rxc4 30.bxc4 Bxa4 31.Rb1 d3 32.Kf2 Bc2 33.Rb8+ Kh7 34.Bf4 
Be5 35.Bxe5 d2 36.Rd8 d1=Q 37.Rxd1 Bxd1 38.Ke3 f6 39.Bc3 Kg6 40.Kd4 Kf7 
41.h4 Ke6 42.c5 Ba4 43.Ke4 Bc6+ 44.Kf4 Bb7 45.g4 g6 46.Kg3 Bc6 47.f4 f5 
48.gxh5 gxh5 49.Be5 Kd5 50.Bd6 Kc4 51.Kf2 Bd7 52.Ke3 Bc6 1/2-1/2

[Event "2nd GMA World Cup prel  #1"]
[Site "Belgrade YUG"]
[Date "1988.??.??"]
[Round "?"]
[White "Sinadinovic, Andelko"]
[Black "Sulava, Nenad"]
[Result "1/2-1/2"]
[WhiteElo "2350"]
[BlackElo "2395"]
[EventDate "1988.12.??"]
[PlyCount "115"]

1.d4 d5 2.c4 dxc4 3.e3 Nf6 4.Bxc4 e6 5.Nf3 a6 6.a4 c5 7.O-O Nc6 8.Qe2 cxd4
9.Rd1 Be7 10.exd4 O-O 11.Nc3 Nd5 12.Bd3 Ncb4 13.Bb1 b6 14.Ne5 Bb7 15.Ne4 
Rc8 16.Ra3 f5 17.Nc3 Nxc3 18.Rxc3 Qd5 19.Nf3 Bc6 20.Re1 Bf6 21.Bd2 Rce8 
22.a5 Bb5 23.Qd1 bxa5 24.Rc5 Qd6 25.Qb3 Nc6 26.Rxf5 a4 27.Qa2 Nxd4 28.Nxd4
Bxd4 29.Bc3 Rxf5 30.Bxf5 Bxf2+ 31.Kxf2 Qf4+ 32.Kg1 Qxf5 33.h3 Bc6 34.Qc4 
Qd5 35.Qg4 Re7 36.Rd1 Qc5+ 37.Kh1 Qb6 38.Qg5 Qb7 39.Rd8+ Re8 40.Rd3 Bd5 
41.Rg3 Re7 42.Rg4 h6 43.Qxh6 Bxg2+ 44.Kh2 Bd5 45.Be5 Qa7 46.Qd2 Rf7 47.Kg3
Qe7 48.Qg5 Qxg5 49.Rxg5 Rd7 50.Rg4 Bb3 51.Rd4 Rd5 52.Rxd5 exd5 53.Kf4 Kf7 
54.Bd4 g6 55.Ke5 Ke7 56.Bc5+ Kd7 57.h4 Kc6 58.Kd4 1/2-1/2

[Event "2nd GMA World Cup prel  #1"]
[Site "Belgrade YUG"]
[Date "1988.??.??"]
[Round "?"]
[White "Skembris, Spyridon"]
[Black "Murey, Jacob"]
[Result "0-1"]
[WhiteElo "2425"]
[BlackElo "2545"]
[EventDate "1988.12.??"]
[PlyCount "68"]

1.d4 f5 2.g3 Nf6 3.Bg2 g6 4.c3 Bg7 5.Nd2 O-O 6.Qb3+ d5 7.e4 fxe4 8.Nxe4 
Nxe4 9.Bxe4 c6 10.f4 Qd6 11.Bg2 b6 12.Nf3 Ba6 13.Ne5 Nd7 14.Nxc6 Qe6+ 15.
Ne5 Bc4 16.Qc2 Bxe5 17.fxe5 Nxe5 18.dxe5 Qxe5+ 19.Kd1 Qh5+ 20.Ke1 Rf6 21.
Be3 Raf8 22.Qd2 Re6 23.b3 Rf3 24.Bxf3 Qxf3 25.bxc4 Rxe3+ 26.Qxe3 Qxe3+ 27.
Kd1 Qd3+ 28.Ke1 Qe3+ 29.Kf1 Qxc3 30.Ke2 Qxc4+ 31.Kf2 Qc2+ 32.Kf3 e5 33.
Rac1 Qd3+ 34.Kg2 e4 0-1

[Event "2nd GMA World Cup prel  #1"]
[Site "Belgrade YUG"]
[Date "1988.??.??"]
[Round "?"]
[White "Smagin, Sergei"]
[Black "Hulak, Krunoslav"]
[Result "0-1"]
[WhiteElo "2550"]
[BlackElo "2490"]
[EventDate "1988.12.??"]
[PlyCount "120"]

1.e4 c5 2.Nf3 d6 3.d4 cxd4 4.Nxd4 Nf6 5.Nc3 e6 6.Be2 Be7 7.O-O Nc6 8.Kh1 
O-O 9.f4 Bd7 10.Nb3 a5 11.a4 e5 12.Bf3 Nb4 13.Nb5 Bc6 14.c3 Na6 15.Qe2 b6 
16.Bd2 Re8 17.Rad1 Qc8 18.c4 Qb7 19.Bc3 Nxe4 20.Bxe4 Bxe4 21.Rxd6 exf4 22.
Rxf4 Bg6 23.Qf2 Rad8 24.Rfd4 Bxd6 25.Nxd6 Qc6 26.Nxe8 Rxe8 27.Rd1 Nb4 28.
Qd4 f6 29.Re1 Be4 30.Re2 Nc2 31.Qg1 Qxc4 32.Nc1 Re6 33.h3 Nb4 34.Qd4 Qc6 
35.Kg1 Kf7 36.Nb3 Nc2 37.Qd2 Qxa4 38.Nd4 Nxd4 39.Bxd4 Qc4 40.Bxb6 a4 41.
Bd4 h5 42.Bc3 Kg6 43.Re1 Qc5+ 44.Qf2 Qc6 45.Re3 Qd5 46.Qf4 Kf7 47.Kh2 Qc6 
48.Qh4 Qd6+ 49.Qg3 Qc5 50.Qf4 g5 51.Qg3 h4 52.Qe1 f5 53.Re2 Kg6 54.Qd1 
Qd6+ 55.Qxd6 Rxd6 56.Kg1 Rc6 57.Re3 Rc4 58.Kf2 g4 59.hxg4 fxg4 60.Re2 g3+ 
0-1

[Event "2nd GMA World Cup prel  #1"]
[Site "Belgrade YUG"]
[Date "1988.??.??"]
[Round "?"]
[White "Smagin, Sergei"]
[Black "Petrosian, Arshak"]
[Result "1/2-1/2"]
[WhiteElo "2550"]
[BlackElo "2460"]
[EventDate "1988.12.??"]
[PlyCount "120"]

1.e4 c5 2.Nf3 d6 3.c3 Nf6 4.Be2 Nbd7 5.d3 b6 6.O-O Bb7 7.Re1 g6 8.Nbd2 Bg7
9.Bf1 O-O 10.d4 e6 11.Bd3 Qc7 12.Nf1 Rfe8 13.Bg5 h6 14.Bd2 e5 15.d5 c4 16.
Bc2 Nh5 17.Qc1 Kh7 18.g4 Nhf6 19.g5 hxg5 20.Nxg5+ Kg8 21.Ng3 Kf8 22.Qd1 
Ke7 23.Qf3 Rh8 24.Bd1 Rh4 25.Qg2 Rah8 26.Be2 Nc5 27.Rad1 Rxh2 28.Qxh2 Rxh2
29.Kxh2 b5 30.Be3 Nfd7 31.Kg2 Nf8 32.Rh1 a6 33.f4 exf4 34.Bxf4 Ncd7 35.
Rdf1 Bf6 36.Be3 Ne5 37.Rf2 Bc8 38.Rhf1 Nfd7 39.Nh7 Bh4 40.Ng5 f6 41.Ne6 
Qa5 42.a3 Nf7 43.Rh1 Bxg3 44.Kxg3 Nde5 45.Rhf1 Bxe6 46.dxe6 Ng5 47.Rf4 Qc7
48.Rh4 Qc6 49.Bxg5 fxg5 50.Rh7+ Kxe6 51.Bf3 Qc5 52.Bg4+ Nxg4 53.Kxg4 Qe3 
54.Rhf7 Qxe4+ 55.Kg3 Qh4+ 56.Kg2 g4 57.R7f2 Qh3+ 58.Kg1 Qe3 59.Kg2 Qh3+ 
60.Kg1 Qe3 1/2-1/2

[Event "2nd GMA World Cup prel  #1"]
[Site "Belgrade YUG"]
[Date "1988.??.??"]
[Round "?"]
[White "Smagin, Sergei"]
[Black "Schmidt, Wlodzimierz"]
[Result "1/2-1/2"]
[WhiteElo "2550"]
[BlackElo "2465"]
[EventDate "1988.12.??"]
[PlyCount "77"]

1.e4 e6 2.d4 d5 3.Nd2 c5 4.Ngf3 Nc6 5.exd5 exd5 6.Bb5 Bd6 7.dxc5 Bxc5 8.
Nb3 Bd6 9.O-O Ne7 10.Re1 O-O 11.Bd3 h6 12.h3 Nb4 13.Bf1 Bf5 14.Nfd4 Bg6 
15.Be3 a6 16.Qd2 Qc7 17.c3 Nbc6 18.Nxc6 bxc6 19.c4 a5 20.Rec1 Rfd8 21.Nd4 
Be5 22.Qe2 Rab8 23.cxd5 Rxd5 24.Rc4 Rbd8 25.Re1 Bxd4 26.Rxd4 Rxd4 27.Bxd4 
Rxd4 28.Qxe7 Qxe7 29.Rxe7 Rd1 30.Re8+ Kh7 31.Re3 Ra1 32.Ra3 Be4 33.f3 Bd5 
34.b3 g5 35.Kf2 Kg7 36.Bd3 c5 37.Kg3 Kf6 38.Rxa5 Bxb3 39.Rxc5 1/2-1/2